[Event "Caissa CC Online"]
[Site "Chess.com INT"]
[Date "2022.01.22"]
[Round "4"]
[White "Chew Florian, Denis"]
[Black "Leyva, Hector"]
[Result "1-0"]
[WhiteElo "1608"]
[BlackElo "2310"]
[PlyCount "109"]
[EventDate "2022.01.22"]
[EventType "swiss (rapid)"]
[EventRounds "7"]
[EventCountry "GUA"]
[SourceTitle "CBM 206 Extra"]
[Source "ChessBase"]
[SourceDate "2022.03.31"]
[SourceVersion "1"]
[SourceVersionDate "2022.03.31"]
[SourceQuality "1"]

1. d4 g6 2. Nf3 Bg7 3. g3 c5 4. d5 d6 5. c4 h5 6. Bg2 Bd7 7. Nbd2 Qc8 8. 0-0 Nh6 9. e4 Bh3 10. Bxh3 Qxh3 11. Ng5 Qd7 12. Rb1 h4 13. Kg2 Na6 14. Ndf3 hxg3 15. fxg3 Nc7 16. Qc2 0-0-0 17. b4 f6 18. Nh3 Ng4 19. Nhg1 Bh6 20. bxc5 dxc5 21. Bxh6 Rxh6 22. Qb3 b6 23. h3 Rdh8 24. a4 Na6 25. a5 Nb4 26. axb6 axb6 27. Ra1 Nc2 28. hxg4 Nxa1 29. Rxa1 Qb7 30. Rb1 Kc7 31. e5 fxe5 32. Nxe5 Rh2+ 33. Kf1 Rf8+ 34. Ngf3 Rh1+ 35. Kg2 Rxb1 36. Qxb1 Qa6 37. Qxg6 Qa2+ 38. Kh3 Rh8+ 39. Nh4 Qa4 40. Qe6 Rh7 41. g5 Qe8 42. g6 Rg7 43. Kg4 Qa4 44. Nf5 Qd1+ 45. Nf3 Qc2 46. Kg5 Qc1+ 47. Kg4 Qc2 48. Ne5 Qd1+ 49. Kg5 Qc1+ 50. Kh5 Qh1+ 51. Nh4 Qc1 52. Qc6+ Kb8 53. Nd7+ Ka7 54. Qxb6+ Ka8 55. Qb8# 1-0